| 000 | 00410nam a22001577a 4500 | ||
|---|---|---|---|
| 003 | OSt | ||
| 008 | 230510b |||||||| |||| 00| 0 eng d | ||
| 020 | _a9789390576081 | ||
| 041 | _aeng | ||
| 082 |
_a570 _bSHA/GA |
||
| 100 |
_aSharma, Sanjeev Kumar _9773 |
||
| 245 | _aGate Life science for food technology & other allied sciences | ||
| 260 |
_aNew delhi _jjain brothers _c2021 |
||
| 300 | _a610 | ||
| 942 | _cBK | ||
| 999 |
_c17697 _d17697 |
||